Kỹ thuật sửa chữa CD compact disc player /

Uloženo v:
Podrobná bibliografie
Hlavní autor: Nguyễn Đức Ánh
Médium: Kniha
Jazyk:Vietnamese
Vydáno: VH-TT 2000
Tagy: Přidat tag
Žádné tagy, Buďte první, kdo otaguje tento záznam!
Thư viện lưu trữ: Mạng thư viện Đại học Đà Nẵng
LEADER 00636nam a2200265 4500
001 000027639
003 KTCD
005 20150403120000.0
008 150403s vm 000 vie
020 |c 0,0000 
040 |a notts 
100 |a Nguyễn Đức Ánh 
245 |a Kỹ thuật sửa chữa CD compact disc player /  |c Nguyễn Đức Ánh. 
260 |b VH-TT  |c 2000 
OWN |a LTT 
999 |a From the UDN01 
TYP |a Monograph 
TYP |a Printed language 
980 |a Mạng thư viện Đại học Đà Nẵng